El rumbo está trazado / (Record no. 52540)

MARC details
000 -CABECERA
campo de control de longitud fija 00584nam a2200181 a 4500
005 - FECHA Y HORA DE LA ÚLTIMA TRANSACCIÓN
campo de control 20240913063956.0
008 - ELEMENTOS DE LONGITUD FIJA--INFORMACIÓN GENERAL
campo de control de longitud fija 991125s1976 mx 000 0 spa u
035 ## - NÚMERO DE CONTROL DEL SISTEMA
Número de control de sistema UPN01000052540
049 ## - COLECCIÓN
Colección F
050 #4 - SIGNATURA TOPOGRÁFICA DE LA BIBLIOTECA DEL CONGRESO
Número de clasificación JL1298 R4
Número de documento/Ítem L6.7
100 1# - ASIENTO PRINCIPAL--NOMBRE PERSONAL
Nombre de persona López Portillo y Pacheco, José,
Fechas asociadas al nombre 1920-2004
245 13 - MENCIÓN DE TÍTULO
Título El rumbo está trazado /
Mención de responsabilidad, etc. José López Portillo.
260 ## - PUBLICACIÓN, DISTRIBUCIÓN, ETC.
Lugar de publicación, distribución, etc. México :
Nombre del editor, distribuidor, etc. PRI,
Fecha de publicación, distribución, etc. 1976.
300 ## - DESCRIPCIÓN FÍSICA
Extensión 40 p. :
Otras características físicas fotos
600 10 - ASIENTO SECUNDARIO DE MATERIA - NOMBRE PERSONAL
Nombre de persona López Portillo, José
9 (RLIN) 28985
650 #4 - ASIENTO SECUNDARIO DE MATERIA - TERMINO TEMATICO
Término de materia o nombre geográfico como elemento de entrada CAMPAÑAS POLITICAS -
Subdivisión cronológica LITERATURA, 1976 -
Subdivisión general PARTIDO REVOLUCIONARIO INSTITUCIONAL
9 (RLIN) 5091
905 ## - TIPO DE MATERIAL
Tipo de material Libro
Holdings
Estado de retiro Estado de pérdida Fuente del sistema de clasificación o colocación Estado dañado No para préstamo Código de colección Localización permanente Ubicación/localización actual Ubicación en estantería Fecha de adquisición Enumeración/cronología de publicación seriada Clasificación Código de barras Fecha visto por última vez Número de copia Tipo de ítem Koha
    Library of Congress Classification   Disponible (Préstamo en sala) Folletería Bib. Gregorio Torres Quintero Bib. Gregorio Torres Quintero Colecciones especiales Planta alta 03/05/2023 - JL1298 R4 L6.7 18018f 31/12/2020 1 Folleto